Countries Miguel Diaz Canel has Visited - Statistics

General Stats
  • This quiz has been taken 41 times
    15 since last reset
  • The average score is 13 of 25
Answer Stats
Continent Country % Correct
Asia China
100%
Asia/ Europe Russia
100%
Europe France
83%
North America Mexico
83%
Asia North Korea
83%
Europe United Kingdom
83%
North America United States of America
67%
South America Venezuela
67%
Asia Vietnam
67%
Africa Algeria
50%
South America Argentina
50%
Europe Belarus
50%
Asia Iran
50%
North America Nicaragua
50%
Asia Azerbaijan
33%
North America Barbados
33%
North America Belize
33%
Europe Italy
33%
Europe Portugal
33%
North America Saint Vincent and the Grenadines
33%
Europe Serbia
33%
Asia/ Europe Turkey
33%
Europe Ireland
17%
Asia Laos
17%
Europe Vatican City
17%
No matching quizzes found
Score Distribution
Percent of People with Each Score
Percentile by Number Answered
Your Score History
You have not taken this quiz since the last reset